000 00516nam a2200181 a 4500
005 20220602143557.0
008 991125s1955 mx 000 0 spa u
035 _aUPN01000027446
049 _aCG
050 4 _aPN2318
_bS6.4
100 1 _aSolórzano, Carlos,
_d1922-
_930508
245 1 3 _aEl hechicero :
_btragedia en tres actos /
_cCarlos Solórzano.
260 _aMéxico :
_bCuadernos Americanos,
_c1955.
300 _a70 p.
440 0 _aCuadernos Americanos ;
_v40
650 2 _aTeatro
_912795
905 _aLibro
999 _c27446
_d27446